Famiglia Oggi (Record no. 3788)
[ view plain ]
| 000 -LEADER | |
|---|---|
| campo di controllo lung. fissa | 00251nas a2200121 4500 |
| 001 - Numero di controllo | |
| campo di controllo | CDOM0000000494 |
| 003 - Identificatore del numero di controllo | |
| campo di controllo | mi |
| 005 - Data e orario dell'ultima transazione | |
| campo di controllo | 20250923150703.0 |
| 008 - Elementi di lunghezza fissa--Informazione generale | |
| campo di controllo lung. fissa | 250820b |||||||| |||| 00| 0 eng d |
| 040 ## - Fonte della catalogazione | |
| Agenzia che fa la trascrizione | mi |
| 245 1# - Formulazione del titolo | |
| Titolo | Famiglia Oggi |
| 942 ## - Dati aggiuntivi (Koha) | |
| Fonte della classificazione o dello schema di collocazione (segnatura) | Classificazione decimale Dewey |
| Tipo copia default (Koha) | Risorsa in continuazione |
| Status ritirato | Status smarrito: | Fonte della classificazione o dello schema di collocazione (segnatura) | Status danneggiato: | Escluso dal prestito | Biblioteca di appartenenza | Biblioteca corrente | Data di acquisti | Enumerazione del periodico/ cronologia | Numero d'inventario | Totale prestiti | Codice a barre | Data ultima revisione | Prezzo effettivo da | Tipo copia default (Koha) | Collocazione | Nota pubblica |
|---|---|---|---|---|---|---|---|---|---|---|---|---|---|---|---|---|
| Classificazione decimale Dewey | GENOVA | Arcigay Genova - Approdo Lilia Mulas A.P.S. | GENOVA | Arcigay Genova - Approdo Lilia Mulas A.P.S. | 23/09/2025 | n. 11 (novembre 1993 - anno XVI) | 2080 | 23/09/2025 | 23/09/2025 | Risorsa in continuazione | 306.766 FAM OMO | Omosessualità: Interrogativi e drammi di un mondo emarginato e poco conosciuto. DOSSIER: Così uguali così diversi. Sedici omosessuali si raccontano. Interventi di Stefano Rodotà, Mario Pollo, Paolo Dell'Orto, Giacomo Rossi, Domenico Pezzini. Fondo Giovanni Delfino. | ||||||
| Classificazione decimale Dewey | Escluso dal prestito | MILANO | Centro di documentazione Omologie (CIG Arcigay Milano) | MILANO | Centro di documentazione Omologie (CIG Arcigay Milano) | 11/05/2005 | n. 47 (settembre-ottobre 1990) | 3123 | CDOM3123 | 07/07/2025 | 07/07/2025 | Risorsa in continuazione |